2010s Movies - Sudden Death - Statistics

General Stats
  • This quiz has been taken 5,818 times
    1,544 since last reset
  • The average score is 13 of 27
Answers on the Grid
Answers color-coded by a green-red scale on the quiz's grid according to % correct below.
2012
Avatar
Beauty and the Beast
Bee Movie
Black Panther
Bohemian Rhapsody
Doctor Strange
Dreamgirls
Dune
Fantastic Mr. Fox
Frozen
Gone Girl
High School Musical
Hugo
Inception
Interstellar
Iron Man
Joker
Knives Out
Kung Fu Panda
La La Land
Lincoln
Madagascar
Moonrise Kingdom
Napoleon Dynamite
Ratatouille
Ready Player One
Shazam!
Sing
Skyfall
Step Brothers
Tangled
Tenet
The Avengers
The Great Gatsby
The Hunger Games
The Irishman
The Revenant
Thor
Up
WALL-E
Wonder Woman
Zoolander
Zootopia
 
Answer Stats
Answer % Correct
Black Panther
71%
Frozen
68%
Bohemian Rhapsody
66%
La La Land
64%
Doctor Strange
63%
Interstellar
60%
Joker
57%
Knives Out
51%
Zootopia
51%
The Avengers
50%
The Hunger Games
50%
Gone Girl
49%
Inception
49%
Skyfall
49%
Wonder Woman
45%
Ready Player One
44%
Sing
43%
Shazam!
42%
Tangled
42%
The Revenant
42%
Beauty and the Beast
41%
The Great Gatsby
41%
Thor
39%
Lincoln
32%
The Irishman
32%
Hugo
24%
Moonrise Kingdom
21%
No matching quizzes found
Score Distribution
Percent of People with Each Score
Percentile by Number Answered
Your Score History
You have not taken this quiz since the last reset